000 01146nam a2200241Ia 4500
999 _c36845
_d36845
001 2792
003 GE_BSU
005 20221006143300.0
008 181216s2003|||| |||||||||||||| ||geo||
020 _a99940-0-308-9
040 _cGE_BSU
041 _ageo
080 _a1(479.22)(09) ქ–27
245 _aქართული ფილოსოფიური აზრის ისტორია :
_cრედ. მახარაძე, მიხეილ მთ. რედ. გურამ თევზაძე.
_bტომი IV /
264 _aთბილისი,
_c1991.
300 _a251 გვ.;
_c21 სმ.
653 _aქართული ფილოსოფიის ისტორია
653 _aფილოსოფია
700 _aმახარაძე, მიხეილ
_eრედაქტორი
_9382
700 _aთევზაძე, გურამ
_eმთავარი რედაქტორი
_9383
710 _aსაქ. მეცნ. აკად.,სავლე წერეთლის სახ.ფილოსოფიის ინ-ტი
_915097
942 _cBK
_2udc